Authors 2 - Statistics

General Stats
  • This quiz has been taken 21 times
  • The average score is 29 of 60
Answer Stats
Hint Answer % Correct
Iliad Homer
100%
Hamlet William Shakespeare
100%
David Copperfield Charles Dickens
90%
Oliver Twist Charles Dickens
90%
Of Mice and Men John Steinbeck
90%
Lord of the Rings J. R. R. Tolkien
90%
Frankenstein Mary Shelley
90%
The Jungle Book Rudyard Kipling
90%
The Hunchback of Notre Dame Victor Hugo
90%
Macbeth William Shakespeare
90%
Dracula Bram Stoker
80%
The Raven Edgar Allen Poe
80%
The Hobbit J. R. R. Tolkien
80%
Treasure Island Robert Louis Stevenson
80%
Othello William Shakespeare
80%
The Tempest William Shakespeare
80%
Chronicles of Narnia C. S. Lewis
70%
Odyssey Homer
70%
Gulliver’s Travels Jonathan Swift
70%
Twenty Thousand Leagues Under the Sea Jules Verne
70%
The Color Purple Alice Walker
60%
The Time Machine H. G. Wells
60%
The Last of the Mohicans James Fenimore Cooper
60%
Gone With the Wind Margaret Mitchell
60%
The Satanic Verses Salman Rushdie
60%
The Bell Jar Sylvia Plath
60%
The Handmaid’s Tail Margaret Atwood
50%
Cat on a Hot Tin Roof Tennessee Williams
50%
Beloved Toni Morrison
50%
The Legend of Sleepy Hallow Washington Irving
50%
Charlotte’s Web E. B. White
40%
Don Juan George Gordan, Lord Byron
40%
The Tin Drum Gunter Grass
40%
White Fang Jack London
40%
Peter Pan J.M Barrie
40%
The House of the Seven Gables Nathaniel Hawthorne
40%
The Rape of the Lock Alexander Pope
30%
All Quiet on the Western Front Erich Maria Remarque
30%
Paul Revere’s Ride Henry Wadsworth Longfellow
30%
The Gift of the Magi O. Henry
30%
Kubla Khan Samuel Taylor Coleridge
30%
Song of Myself Walt Whitman
30%
Rip van Winkle Washington Irving
30%
Howl Allen Ginsberg
20%
The Jew of Malta Christopher Marlowe
20%
No Exit Jean-Paul Sartre
20%
Harlem Langston Hughes
20%
Daddy Sylvia Plath
20%
The Song of Solomon (Novel) Toni Morrison
20%
As I Lay Dying William Faulkner
20%
Fences August Wilson
10%
Ode to Joy Friedrich von Schiller
10%
The Awakening Kate Chopin
10%
The Tale of Genji Lady Murasaki Shikibu
10%
Holes Louis Sachar
10%
Native Son Richard Wright
10%
The Lottery Shirley Jackson
10%
An American Tragedy Theodore Dreiser
10%
Chicago Carl Sandburg
0%
Do Not Go Gentle Into That Good Night Dylan Marlais Thompson
0%
No matching quizzes found
Score Distribution
Percent of People with Each Score
Percentile by Number Answered
Your Score History
You have not taken this quiz